The man in iron; or The substance of a discourse, introduced by an allegory, from David's last words /

Bibliographic Details
Main Author: Franks, William
Format: eBook
Language:English
Series:Early American imprints. Evans (1639-1800) ; no. 32152.
Subjects:
Online Access:Evans Digital Edition

MARC

Tag First Indicator Second Indicator Subfields
LEADER 00000cam a22000001a 4500
001 in00002165721
006 m e d #
007 cr mn mmmmabba
008 860110s1797 nyu s 000 0 eng d
005 20260331162524.0
035 |z t105768 
035 |z w006503 
035 |a MAAR8601101005B 
035 |9 mwa91-29908 
035 |a 337056 
035 |a aas03006503 
040 |a MWA  |c MWA  |e bdrb  |d UtOrBLW 
100 1 |a Franks, William. 
245 1 4 |a The man in iron; or The substance of a discourse, introduced by an allegory, from David's last words /  |c Delivered by William Franks. 
264 3 |a New-York :  |b Printed by T. and J. Swords, no. 99 Pearl-Street,  |c 1797. 
300 |a 16 pages ;  |c (octavo) 
336 |a text  |b txt  |2 rdacontent 
337 |a computer  |b c  |2 rdamedia 
338 |a online resource  |b cr  |2 rdacarrier 
510 4 |a Evans  |c 32152 
530 |a Microform version available in the Readex Early American Imprints series. 
533 |a Electronic text and image data.  |b [Chester, Vt. :  |c Readex, a division of Newsbank, Inc.,  |d 2002-2004.  |e Includes files in TIFF, GIF and PDF formats with inclusion of keyword searchable text.  |f (Early American imprints. First series ; no. 32152). 
500 |a Electronic resource. 
630 0 0 |a Bible  |x Criticism, interpretation, etc. 
650 0 |a Faith. 
650 0 |a Grace (Theology) 
650 0 |a Sin. 
650 0 |a Salvation. 
655 7 |a Sermons.  |2 rbgenr 
752 |a United States  |b New York  |d New York. 
830 0 |a Early American imprints.  |n Series I,  |p Evans (1639-1800) ;  |v no. 32152. 
856 4 1 |u http://proxy.library.tamu.edu/login?url=https://opac.newsbank.com/select/evans/32152  |y Evans Digital Edition  |t 0 
999 |a MARS 
999 f f |s 92dc5f79-efa1-3e70-a944-0c6859e32e01  |i ba23999e-5db3-39b6-893c-19f2587b7d83  |t 0 
952 f f |a Texas A&M University  |b College Station  |c Electronic Resources  |s www_evans  |d Available Online  |t 0  |h No information provided 
998 f f |t 0  |l Available Online